[Event "HUN-chT2 Breyer 1516"]
[Site "Hungary"]
[Date "2016.04.17"]
[Round "11.6"]
[White "Balogh, Peter"]
[Black "Janko, Zoltan"]
[Result "0-1"]
[WhiteElo "2178"]
[BlackElo "2255"]
[PlyCount "68"]
[EventDate "2015.09.13"]
[EventType "team-tourn"]
[EventRounds "11"]
[EventCountry "HUN"]
[SourceTitle "EXT 2017"]
[Source "ChessBase"]
[SourceDate "2016.10.25"]
[SourceVersion "1"]
[SourceVersionDate "2016.10.25"]
[SourceQuality "1"]
[WhiteTeam "Kisber Aszar"]
[BlackTeam "Naszaly Geniusz Tata"]
[WhiteTeamCountry "HUN"]
[BlackTeamCountry "HUN"]

1. d4 Nf6 2. Bg5 Ne4 3. Bf4 d5 4. f3 Nf6 5. e4 dxe4 6. Nc3 e3 7. Bxe3 a6 8. Bc4 b5 9. Bb3 Bb7 10. Nge2 e6 11. Qd2 Nbd7 12. a4 b4 13. Na2 a5 14. c4 c5 15. Rd1 Be7 16. Bc2 Qb6 17. Nac1 Rd8 18. 0-0 0-0 19. Qe1 Qc7 20. b3 cxd4 21. Nxd4 Nc5 22. Qf2 Qe5 23. Nce2 g5 24. f4 gxf4 25. Qxf4 Qxf4 26. Bxf4 Nce4 27. Bh6 Bc5 28. Bxf8 Kxf8 29. Kh1 Ke7 30. Bxe4 Nxe4 31. Rd3 Ke8 32. Rdf3 Nd2 33. Rxf7 Nxf1 34. Rxb7 Bxd4 0-1

[Event "HUN-chT2 Breyer 1415"]
[Site "Hungary"]
[Date "2015.03.22"]
[Round "10.4"]
[White "Janko, Zoltan"]
[Black "Ruck, Robert1111"]
[Result "1-0"]
[WhiteElo "2255"]
[BlackElo "2011"]
[PlyCount "79"]
[EventDate "2014.09.07"]
[EventType "team-tourn"]
[EventRounds "11"]
[EventCountry "HUN"]
[SourceTitle "EXT 2016"]
[Source "ChessBase"]
[SourceDate "2015.10.08"]
[SourceVersion "1"]
[SourceVersionDate "2015.10.08"]
[SourceQuality "1"]
[WhiteTeam "Geniusz Tata"]
[BlackTeam "Sarkany DSE"]
[WhiteTeamCountry "HUN"]
[BlackTeamCountry "HUN"]

1. e4 c5 2. Nf3 e6 3. d4 cxd4 4. Nxd4 a6 5. Bd3 Nf6 6. c4 Nc6 7. Nxc6 dxc6 8. 0-0 e5 9. a4 Bc5 10. a5 Be6 11. Qc2 0-0 12. Bd2 Qd6 13. Bc3 Rad8 14. Be2 Bd4 15. Bxd4 exd4 16. Bd3 Ng4 17. g3 Ne5 18. f4 Nxd3 19. Qxd3 Qb4 20. b3 f6 21. Ra4 Qe7 22. Nd2 c5 23. Raa1 Rfe8 24. f5 Bf7 25. g4 Rd6 26. Rfe1 Qe5 27. Re2 Qf4 28. h3 h5 29. Rf1 Qg5 30. Nf3 Qf4 31. Ne1 Qe5 32. Qf3 d3 33. Nxd3 Qc3 34. Nxc5 Qb4 35. Qe3 Rc8 36. e5 fxe5 37. Ne4 Rd4 38. g5 Qe7 39. g6 Be8 40. f6 1-0

[Event "SVK-chT1W 1415"]
[Site "Slovakia"]
[Date "2014.10.19"]
[Round "2.3"]
[White "Dobrotka, Martin"]
[Black "Janko, Zoltan"]
[Result "1/2-1/2"]
[WhiteElo "2189"]
[BlackElo "2255"]
[PlyCount "50"]
[EventDate "2014.10.18"]
[EventType "team-tourn"]
[EventRounds "11"]
[EventCountry "SVK"]
[SourceTitle "EXT 2016"]
[Source "ChessBase"]
[SourceDate "2015.10.08"]
[SourceVersion "1"]
[SourceVersionDate "2015.10.08"]
[SourceQuality "1"]
[WhiteTeam "Prievidza SK"]
[BlackTeam "Komarno KSC"]
[WhiteTeamCountry "SVK"]
[BlackTeamCountry "SVK"]

1. d4 Nf6 2. c4 g6 3. Nc3 d5 4. Nf3 Bg7 5. e3 0-0 6. Be2 c5 7. 0-0 cxd4 8. Nxd4 Nc6 9. cxd5 Nxd5 10. Nxd5 Qxd5 11. Bf3 Qc5 12. Nxc6 bxc6 13. Qa4 Be6 14. Qxc6 Qxc6 15. Bxc6 Rab8 16. Ba4 Rfc8 17. Rd1 Bxb2 18. Bxb2 Rxb2 19. Bb3 Bxb3 20. axb3 Rcc2 21. Rf1 Rxb3 22. Rxa7 e6 23. g3 Rbb2 24. Raa1 Kg7 25. Rac1 Rxc1 1/2-1/2

[Event "SVK-chT1W 1314"]
[Site "Slovakia"]
[Date "2014.03.22"]
[Round "10.2"]
[White "Lanc, Alois"]
[Black "Janko, Zoltan"]
[Result "1-0"]
[WhiteElo "2355"]
[BlackElo "2269"]
[PlyCount "59"]
[EventDate "2013.10.12"]
[EventType "team-tourn"]
[EventRounds "11"]
[EventCountry "SVK"]
[SourceTitle "EXT 2015"]
[Source "ChessBase"]
[SourceDate "2014.11.20"]
[SourceVersion "1"]
[SourceVersionDate "2014.11.20"]
[SourceQuality "1"]
[WhiteTeam "Trnava Lokomotiva"]
[BlackTeam "Komarno"]
[WhiteTeamCountry "SVK"]
[BlackTeamCountry "SVK"]

1. e4 c5 2. Nf3 Nc6 3. Bb5 e6 4. Bxc6 bxc6 5. d3 d6 6. 0-0 e5 7. h3 g6 8. Nc3 Bg7 9. Nh2 Ne7 10. f4 exf4 11. Bxf4 0-0 12. Qe1 c4 13. Kh1 cxd3 14. cxd3 Rb8 15. Rb1 Be6 16. b3 f5 17. Ne2 Rb5 18. Nf3 fxe4 19. dxe4 Ra5 20. a4 Rh5 21. Bh2 Qd7 22. Nf4 Rc5 23. Qg3 Rc3 24. Nxe6 Qxe6 25. Qxd6 Qxe4 26. Rbe1 Re3 27. Rxe3 Qxe3 28. Re1 Qxb3 29. Rxe7 Rxf3 30. gxf3 1-0

[Event "SVK-chT1W 1314"]
[Site "Slovakia"]
[Date "2013.11.16"]
[Round "3.2"]
[White "Janko, Zoltan"]
[Black "Straka, Jozef"]
[Result "0-1"]
[WhiteElo "2269"]
[BlackElo "2291"]
[PlyCount "80"]
[EventDate "2013.10.12"]
[EventType "team-tourn"]
[EventRounds "11"]
[EventCountry "SVK"]
[SourceTitle "EXT 2015"]
[Source "ChessBase"]
[SourceDate "2014.11.20"]
[SourceVersion "1"]
[SourceVersionDate "2014.11.20"]
[SourceQuality "1"]
[WhiteTeam "Komarno"]
[BlackTeam "Povazska Bystrica"]
[WhiteTeamCountry "SVK"]
[BlackTeamCountry "SVK"]

1. e4 d6 2. d4 Nf6 3. Nc3 e5 4. Nf3 Nbd7 5. Be2 Be7 6. 0-0 0-0 7. h3 c6 8. Be3 Qc7 9. a4 a5 10. Nh4 Nxe4 11. Nxe4 Bxh4 12. dxe5 d5 13. Nd6 Nxe5 14. Nxc8 Rfxc8 15. f4 Nd7 16. Bd3 Bf6 17. c3 Re8 18. Qf3 Be7 19. Bd4 Bc5 20. Rfe1 Bxd4+ 21. cxd4 Qb6 22. Qf2 Qb4 23. g4 Nf6 24. Re5 Qb3 25. Qe3 Kf8 26. Re1 Qxa4 27. g5 Ne4 28. Bxe4 Rxe5 29. fxe5 dxe4 30. Qxe4 Rd8 31. Rf1 Qxd4+ 32. Qxd4 Rxd4 33. e6 f6 34. gxf6 gxf6 35. Rxf6+ Ke8 36. Rf7 Rb4 37. Rxh7 Rxb2 38. Rh4 b5 39. Re4 a4 40. h4 a3 0-1

[Event "SVK-chT1W 1314"]
[Site "Slovakia"]
[Date "2013.10.13"]
[Round "2.2"]
[White "Janko, Zoltan"]
[Black "Sosovicka, Juraj"]
[Result "1/2-1/2"]
[WhiteElo "2269"]
[BlackElo "2188"]
[PlyCount "114"]
[EventDate "2013.10.12"]
[EventType "team-tourn"]
[EventRounds "11"]
[EventCountry "SVK"]
[SourceTitle "EXT 2015"]
[Source "ChessBase"]
[SourceDate "2014.11.20"]
[SourceVersion "1"]
[SourceVersionDate "2014.11.20"]
[SourceQuality "1"]
[WhiteTeam "Komarno"]
[BlackTeam "Devinska Nova Ves"]
[WhiteTeamCountry "SVK"]
[BlackTeamCountry "SVK"]

1. e4 e5 2. Nf3 Nc6 3. Bc4 Nf6 4. d4 exd4 5. e5 d5 6. Bb5 Ne4 7. Nxd4 Bd7 8. Bxc6 bxc6 9. 0-0 Bc5 10. f3 Ng5 11. f4 Ne4 12. Nc3 Nxc3 13. bxc3 f5 14. Kh1 0-0 15. a4 Qe7 16. Nb3 Rfe8 17. a5 a6 18. Qd3 Be6 19. Be3 Bxe3 20. Qxe3 Reb8 21. Rfb1 g6 22. Qc5 Qxc5 23. Nxc5 Bc8 24. Kg1 Kf7 25. Kf2 Rb5 26. Rxb5 cxb5 27. Ke3 Ke7 28. Kd4 Be6 29. Nd3 Kd7 30. Kc5 h6 31. Nb4 c6 32. Kb6 Rb8+ 33. Kc5 Ra8 34. Nd3 Kc7 35. Kd4 Re8 36. Re1 Bc8 37. e6 Kd6 38. e7 Rxe7 39. Rxe7 Kxe7 40. Ke5 g5 41. g3 g4 42. Nc5 h5 43. Nb3 Bd7 44. Nd4 c5 45. Nxf5+ Bxf5 46. Kxf5 Kd6 47. Kg6 Ke7 48. f5 Kf8 49. Kf6 d4 50. cxd4 cxd4 51. Ke5 d3 52. cxd3 Kf7 53. Kd5 Kf6 54. d4 Kxf5 55. Kc5 Ke6 56. Kc6 Ke7 57. Kc7 Ke6 1/2-1/2

[Event "SVK-chT1W 1213"]
[Site "Slovakia"]
[Date "2012.10.20"]
[Round "1.4"]
[White "Janko, Zoltan"]
[Black "Cajka, Tibor"]
[Result "1/2-1/2"]
[WhiteElo "2283"]
[BlackElo "2170"]
[PlyCount "82"]
[EventDate "2012.10.20"]
[EventType "team-tourn"]
[EventRounds "11"]
[EventCountry "SVK"]
[SourceTitle "EXT 2014"]
[Source "ChessBase"]
[SourceDate "2013.11.20"]
[SourceVersion "1"]
[SourceVersionDate "2013.11.20"]
[SourceQuality "1"]
[WhiteTeam "Komarno"]
[BlackTeam "Osuske"]
[WhiteTeamCountry "SVK"]
[BlackTeamCountry "SVK"]

1. e4 d6 2. d4 Nf6 3. Nc3 g6 4. f4 Bg7 5. Nf3 0-0 6. Bd3 c5 7. dxc5 dxc5 8. 0-0 Nc6 9. e5 Ng4 10. Qe2 Nh6 11. Be3 b6 12. Be4 Bb7 13. Rad1 Qc8 14. Kh1 Nf5 15. Bf2 Bh6 16. Nd5 Kh8 17. g4 e6 18. Nf6 Bxf4 19. gxf5 gxf5 20. Be3 Bxe5 21. Nxe5 Nxe5 22. Qh5 Bxe4+ 23. Nxe4 Qb7 24. Qh4 Qxe4+ 25. Qxe4 fxe4 26. Bg5 f5 27. Rd6 Rae8 28. Bh6 Rf6 29. Bf4 Ng6 30. Bd2 Ref8 31. Bg5 R6f7 32. Rxe6 Kg7 33. h4 Rc8 34. h5 Nf8 35. Bh6+ Kh8 36. Re5 Rc6 37. Bd2 Re6 38. Rexf5 Rxf5 39. Rxf5 Kg8 40. Kg2 Nd7 41. Bc3 Re7 1/2-1/2

[Event "SVK-chT1W 1112"]
[Site "Slovakia"]
[Date "2012.03.04"]
[Round "11.3"]
[White "Janko, Zoltan"]
[Black "Privara, Igor"]
[Result "1-0"]
[WhiteElo "2287"]
[BlackElo "2264"]
[PlyCount "71"]
[EventDate "2011.10.15"]
[EventType "team-tourn"]
[EventRounds "11"]
[EventCountry "SVK"]
[SourceTitle "EXT 2013"]
[Source "ChessBase"]
[SourceDate "2012.11.22"]
[SourceVersion "1"]
[SourceVersionDate "2012.11.22"]
[SourceQuality "1"]
[WhiteTeam "Komarno"]
[BlackTeam "Bratislava Slovan II"]
[WhiteTeamCountry "SVK"]
[BlackTeamCountry "SVK"]

1. e4 c5 2. Nf3 Nc6 3. d4 cxd4 4. Nxd4 g6 5. c4 Nf6 6. Nc3 d6 7. Be2 Nxd4 8. Qxd4 Bg7 9. Be3 0-0 10. Qd2 a5 11. f3 a4 12. 0-0 Qa5 13. b4 Qxb4 14. Rab1 Qa5 15. Rb5 Qd8 16. a3 Nd7 17. Rd1 Ra5 18. Rxa5 Qxa5 19. Nd5 Qd8 20. Qb4 e6 21. Nb6 Nxb6 22. Bxb6 Qg5 23. Qxd6 Be5 24. Qc5 Qf6 25. g3 Bc3 26. Qd6 Kg7 27. Bd8 Qe5 28. Qb6 h5 29. Qe3 Bb2 30. f4 Qc3 31. Qxc3+ Bxc3 32. e5 f5 33. Rd3 Kf7 34. Bf6 Bb2 35. Bd1 b6 36. Bxa4 1-0

[Event "SVK-chT1W 1112"]
[Site "Slovakia"]
[Date "2011.10.15"]
[Round "1.4"]
[White "Bednar, Jan"]
[Black "Janko, Zoltan"]
[Result "0-1"]
[WhiteElo "2128"]
[BlackElo "2287"]
[PlyCount "88"]
[EventDate "2011.10.15"]
[EventType "team-tourn"]
[EventRounds "11"]
[EventCountry "SVK"]
[SourceTitle "EXT 2013"]
[Source "ChessBase"]
[SourceDate "2012.11.22"]
[SourceVersion "1"]
[SourceVersionDate "2012.11.22"]
[SourceQuality "1"]
[WhiteTeam "Budmerice"]
[BlackTeam "Komarno"]
[WhiteTeamCountry "SVK"]
[BlackTeamCountry "SVK"]

1. d4 Nf6 2. c4 g6 3. Nc3 d5 4. Nf3 Bg7 5. Bg5 Ne4 6. cxd5 Nxc3 7. bxc3 Qxd5 8. e3 Bg4 9. Be2 Nd7 10. Bh4 e5 11. 0-0 e4 12. Nd2 Bxe2 13. Qxe2 c6 14. f3 exf3 15. Rxf3 0-0 16. e4 Bxd4+ 17. Kh1 Qh5 18. cxd4 Qxh4 19. Raf1 Rae8 20. Qc4 Qe7 21. Qb3 b6 22. Qa4 c5 23. Qxa7 cxd4 24. Nc4 Ne5 25. Qxe7 Rxe7 26. Nxe5 Rxe5 27. Rf6 b5 28. Rd6 Rxe4 29. Rd1 Rc8 30. Kg1 Rc2 31. R6xd4 Ree2 32. Rg4 Rxa2 33. h3 b4 34. Rb1 f5 35. Rg3 Ra3 36. Rxa3 bxa3 37. Rb8+ Kf7 38. Ra8 a2 39. Kh2 f4 40. Ra7+ Ke6 41. Ra6+ Kd5 42. Ra5+ Kc4 43. h4 Kb3 44. Ra8 Re1 0-1

[Event "SVK-chT2B 10/11"]
[Site "Slovakia"]
[Date "2011.03.26"]
[Round "10.3"]
[White "Mrazik, Vladislav"]
[Black "Janko, Zoltan"]
[Result "0-1"]
[WhiteElo "1890"]
[BlackElo "2264"]
[PlyCount "68"]
[EventDate "2010.10.23"]
[EventType "team-tourn"]
[EventRounds "11"]
[EventCountry "SVK"]
[SourceTitle "EXT 2019"]
[Source "ChessBase"]
[SourceDate "2018.10.10"]
[SourceVersion "1"]
[SourceVersionDate "2018.10.10"]
[SourceQuality "1"]
[WhiteTeam "Trencin SK II"]
[BlackTeam "Komarno KSC"]
[WhiteTeamCountry "SVK"]
[BlackTeamCountry "SVK"]

1. d4 Nf6 2. c4 c5 3. e3 g6 4. Nf3 Bg7 5. Be2 0-0 6. 0-0 d5 7. Nc3 cxd4 8. exd4 Nc6 9. h3 b6 10. Qa4 Bb7 11. Rd1 dxc4 12. d5 Na5 13. Bxc4 Nxc4 14. Qxc4 Rc8 15. Qb3 Nd7 16. Bf4 a6 17. Rac1 b5 18. Ne4 Rxc1 19. Rxc1 Qa8 20. Rd1 Nb6 21. Nc3 Nc4 22. a4 Rc8 23. axb5 axb5 24. Qxb5 Nxb2 25. Qxb2 Rxc3 26. Be5 Bxe5 27. Nxe5 Rc5 28. Qb4 Qa7 29. Qd4 Qa5 30. Qf4 f6 31. Nd7 Rxd5 32. Qb8+ Kf7 33. Qf8+ Ke6 34. Rxd5 Qxd5 0-1

[Event "SVK-chT2B 10/11"]
[Site "Slovakia"]
[Date "2010.10.23"]
[Round "1.5"]
[White "Janko, Zoltan"]
[Black "Tomka, Jan"]
[Result "1-0"]
[WhiteElo "2264"]
[BlackElo "2105"]
[PlyCount "65"]
[EventDate "2010.10.23"]
[EventType "team-tourn"]
[EventRounds "11"]
[EventCountry "SVK"]
[SourceTitle "EXT 2019"]
[Source "ChessBase"]
[SourceDate "2018.10.10"]
[SourceVersion "1"]
[SourceVersionDate "2018.10.10"]
[SourceQuality "1"]
[WhiteTeam "Komarno KSC"]
[BlackTeam "Topolcianky SK"]
[WhiteTeamCountry "SVK"]
[BlackTeamCountry "SVK"]

1. e4 c5 2. Nf3 g6 3. d4 cxd4 4. Qxd4 Nf6 5. e5 Nc6 6. Qa4 Nd5 7. c4 Nc7 8. Nc3 Bg7 9. Bf4 0-0 10. Rd1 Ne6 11. Bg3 f6 12. exf6 Bxf6 13. Be2 d6 14. Rd2 Bxc3 15. bxc3 Nc5 16. Qb5 a6 17. Qb2 Ne4 18. Rd3 Qa5 19. Re3 Nxg3 20. hxg3 Rb8 21. Qd2 Rf5 22. g4 Rf7 23. Re4 Qb6 24. Rf4 Be6 25. Rxf7 Bxf7 26. Bd3 Qa5 27. Ng5 Ne5 28. f4 Nxd3+ 29. Qxd3 Qxa2 30. Rxh7 Qxc4 31. Qh3 Bd5 32. Rh8+ Kg7 33. Rxb8 1-0

[Event "Hustopece op"]
[Site "Hustopece"]
[Date "2010.06.05"]
[Round "2"]
[White "Navara, David"]
[Black "Janko, Zoltan"]
[Result "1-0"]
[WhiteElo "2718"]
[BlackElo "2246"]
[PlyCount "77"]
[EventDate "2010.06.05"]
[EventType "swiss (rapid)"]
[EventRounds "9"]
[EventCountry "CZE"]
[SourceTitle "CBM 136 Extra"]
[Source "ChessBase"]
[SourceDate "2010.07.02"]
[SourceVersion "2"]
[SourceVersionDate "2010.07.15"]
[SourceQuality "1"]

1. d4 Nf6 2. c4 g6 3. Nf3 Bg7 4. g3 c6 5. Bg2 d5 6. cxd5 cxd5 7. Nc3 0-0 8. Ne5 Nc6 9. 0-0 Ng4 10. f4 Qb6 11. e3 Ngxe5 12. Nxd5 Qa5 13. Bd2 Qd8 14. dxe5 Be6 15. Bc3 Qd7 16. Qb3 Rad8 17. Rfd1 Qc8 18. Rac1 Bxd5 19. Bxd5 e6 20. Be4 Rxd1+ 21. Qxd1 Rd8 22. Qf3 Qd7 23. Bxc6 bxc6 24. Bd4 Rc8 25. b4 Bf8 26. a3 Qb7 27. Qe2 a5 28. bxa5 c5 29. Qc4 Qe4 30. Qc2 Qa8 31. Bc3 c4 32. Bb4 c3 33. Qd3 Qf3 34. Rxc3 Rxc3 35. Qxc3 Qd1+ 36. Qe1 Qf3 37. a6 Qc6 38. Qe2 Qc1+ 39. Kg2 1-0